000 00359nam a2200133 a 4500
001 000028318
005 20200930031533.0
008 110407s1969 dr 000 0 spa d
040 _aDO-SdBNP
_bspa
_cBNPHU
245 0 0 _aLey de incentivo industrial. /.
260 _a[Santo Domingo], :
_bBanco de Reservas,
_c1969.
300 _a20 p. ;
_c21 cm.
049 _aBNPD
999 _c27810
_d27810